000 00389nam a2200145Ia 4500
020 _a9.7893577808e+012
082 _a658.15
_bRUS/F
100 _a20260330u\\\\\\\\\\\y0engy0103\\\\ba
100 _aRustagi, R.P.
245 0 _aFinancial Management: Theory, Concepts, Problems
250 _a7th
260 _aNew Delhi
_bTaxmann Publication Pvt Ltd
_c2024
300 _a926p.
942 _cBK
999 _c52399
_d52399